SAT Vocab 9 - Statistics

General Stats
  • This quiz has been taken 36 times
  • The average score is 7 of 22
Answer Stats
Answer Hint % Correct
Reserved (adj) quiet; keeping to oneself
64%
Revere (v) to regard with respect
55%
Sadistic (adj) enjoyment of cruelty
55%
Rescind (v) to revoke; to repeal
45%
Reticent (adj) reserved; disposed to be silent
45%
Remuneration (n) payment for goods or services
36%
Renounce (v) to give up or put aside voluntarily
36%
Replete (adj) abundantly provided
36%
Repugnant (adj) distasteful
36%
Resolute (adj) set in purpose or opinion
36%
Rife (adj) prevalent; abundant
36%
Robust (adj) strong and healthy; vigorous
36%
Reprehensible (adj) blameworthy; worthy of criticism
27%
Reprove (v) to criticize or correct
27%
Repudiate (v) to cast off publicly
27%
Renegade (n) a person who deserts one cause for another
18%
Reproach (v) to find fault with
18%
Ruthless (adj) cruel; merciless
18%
Sanctimonious (adj) falsely pious
18%
Rile (v) to irritate or vex
9%
Rouse (v) to incite to strong anger
9%
Sacrilegious (adj) grossly irreverent toward what is held to be sacred
9%
No matching quizzes found
Score Distribution
Percent of People with Each Score
Percentile by Number Answered
Your Score History
You have not taken this quiz